Score 0/24 Timer 05:00
0 Plays Today
Joke Word % Correct
When my parents got ________, there was a
custody fight over me.
Nobody showed up.
Divorced
97%
I never got girls when I was a kid. One girl told me, `Come on over, there's nobody home.'
I went over. There was _______ home.
Nobody
96.8%
My psychiatrist told me I was crazy.
I told him I want a ______ opinion.
He said okay, you're ugly too.
Second
95.7%
I'm so ____, my father carried around a picture
of the kid who came with his wallet.
Ugly
93.5%
I found there's only one way to look thin:
hang out with ___ people.
Fat
93.5%
I haven't spoken to my ____ in years.
I didn't want to interrupt her.
Wife
93.4%
When my old man wanted sex,
my mother would show him a _______ of me
Picture
93.3%
Boy, is my wife stupid.
It takes her an
hour and a half to watch '__ Minutes'.
60
93.2%
My wife has to be the worst cook.
In my house, we pray AFTER we ___.
Eat
91.6%
I _____ too much. The last time I gave a
urine sample it had an olive in it.
Drink
91.5%
My wife was afraid of the dark.
Then she saw me naked and now she's
afraid of the _____.
Light
91.5%
My sex life is terrible;
my wife put a ______ over our bed.
She says she likes to watch herself laugh.
Mirror
91.2%
Joke Word % Correct
I looked up my family ____
and found out I was the sap.
Tree
90.9%
I tell ya, my wife was never nice. On our first date,
I asked her if I could give her a goodnight
kiss on the _____. She bent over.
Cheek
88.5%
My wife has to be the worst ____.
Her specialty is indigestion.
Cook
88.1%
One year they asked me to be the poster boy.
For _____ control.
Birth
81.5%
I'm getting old.
Now I'm taking Viagra and drinking _____ juice.
I don't know if I'm coming or going.
Prune
79.9%
I was so poor growing up.
If I wasn't born a ___, I'd have nothing to play with.
Boy
79.3%
I once went out with this wild girl.
She made ______ toast and got her
tongue caught in the toaster.
French
78.4%
During sex my wife always wants to talk to me.
Just the other night she called me from a _____.
Hotel
64.4%
I met the Surgeon General.
He offered me a _________.
Cigarette
58.2%
I went to a discount _______ parlor.
It was self service.
Massage
48.6%
My wife is a great driver, she once hit a deer.
It was in a ___.
Zoo
46.3%
My cousin is gay.
I always tell him that in our family tree,
he's in the _____ section.
Fruit
38.1%

You're not logged in!

Compare scores with friends on all Sporcle quizzes.
OR
Log In

Sporcle TV

Today on Sporcle TV


Watch our educational content, quiz creation guides, and fun videos on Sporcle TV.

Show Comments

Extras

Top Quizzes Today


Score Distribution

Paid Content

Your Account Isn't Verified!

In order to create a playlist on Sporcle, you need to verify the email address you used during registration. Go to your Sporcle Settings to finish the process.

Report this User

Report this user for behavior that violates our Community Guidelines.

Details: